| 000 | 00445nac a22001211u 4500 | ||
|---|---|---|---|
| 008 | 090318s1999 xxu||||| |||| 00| 0 ara d | ||
| 082 |
_a658.8 _bس ا ل |
||
| 245 |
_aالتسويق : _bالمبادئ العلمية والحالات التطبيقية / _cمحمد سالم |
||
| 260 |
_a[القاهرة] : _b[كلية التجارة] ، _c1999. |
||
| 300 |
_a342 ص ؛ _c24 سم. |
||
| 650 |
_aالتسويق _914739 |
||
| 942 |
_cBB _k658.8 س ا ل _2ddc |
||
| 999 |
_c6741 _d6741 |
||